| 000 | 00627 a2200205 4500 | ||
|---|---|---|---|
| 999 |
_c29042 _d29042 |
||
| 003 | NUST | ||
| 005 | 20180118154424.0 | ||
| 008 | 180118b xxu||||| |||| 00| 0 eng d | ||
| 020 | _a1584884487 | ||
| 020 | _a9781584884484 | ||
| 082 | 0 | 4 | _a516.36 |
| 100 | 1 |
_aGray, Alfred. _98886 |
|
| 245 | 1 | 0 |
_aModern differential geometry of curves and surfaces with mathematica, third edition / _cAlfred Gray, Elsa Abbena, Simon Salamon. |
| 250 | _a3rd ed. | ||
| 260 |
_a[S.l.] : _bChapman and Hall/CRC, _c2006. |
||
| 300 |
_a1016 p. ; _c26 cm. |
||
| 490 | 1 | _aStudies in advanced mathematics. | |
| 700 |
_aAbbena, _98887 |
||
| 700 |
_aSalamon, S _98888 |
||
| 830 |
_aStudies in advanced mathema _98889 |
||
| 942 |
_aSNS _cBK _k516.36 GRA _2ddc |
||